Arthur ve George / (Kayıt no. 3278)

MARC ayrıntıları
000 -BAŞLIK
Sabit Uzunluktaki Kontrol Alanı 00538nam a22001937a 4500
003 - KONTROL NUMARASI KİMLİĞİ
Kontrol Alanı KOHA_MİRAKIL
005 - EN SON İŞLEM TARİHİ ve ZAMANI
Kontrol Alanı 20240930101039.0
008 - SABİT UZUNLUKTAKİ VERİ ÖGELERİ - GENEL BİLGİ
Sabit Alan 240929b2009 tu ||||| |||| 00| 0 tur d
020 ## - ISBN - ULUSLARARASI STANDART KİTAP NUMARASI
Isbn 9789755394763
040 ## - KATALOGLAMA KAYNAĞI
Özgün Kataloglama Kurumu TR-AnABB
Kataloglama Dili tur
Çeviri Kurumu TR-AnABB
041 ## - DİL KODU
Metin ya da ses kaydının dil kodu tur
082 ## - DEWEY ONU SINIFLAMA SİSTEMİ
Sınıflama Numarası 823.914
Cutter numarası BAR 2009
100 ## - KİŞİ ADI
Yazar Adı (Kişi adı) Barnes, Julian,
İsimle ilişkili tarihler 1946-.
245 #0 - ESER ADI BİLDİRİMİ
Başlık Arthur ve George /
Sorumluluk Bildirimi Julian Barnes.
260 ## - YAYIN, DAĞITIM, VB.
Yayın Yeri İstanbul :
Yayınevi Ayrıntı Yayınları,
Yayın Tarihi 2009.
300 ## - FİZİKSEL TANIMLAMA
Sayfa, Cilt vb. 452 sayfa ;
Boyutları 20 cm.
650 ## - KONU BAŞLIĞI EK GİRİŞ - KONU TERİMİ
Konusal terim veya coğrafi ad İngiliz edebiyatı, roman
942 ## - EK GİRİŞ ÖGELERİ (KOHA)
Sınıflama Kaynağı Dewey Decimal Classification
Materyal Türü Kitap
Mevcut
Geri Çekilme Durumu Kayıp Durumu Sınıflandırma Kaynağı Kredi için değil Kalıcı Konum Mevcut Konum Kayıt Tarih Edinim Kaynağı Toplam Ödünçverme Yer Numarası Demirbaş Numarası Son Görülme Tarihi Fatura Tarihi Materyal Türü
    Dewey Decimal Classification   Büyükşehir Genç Akademi Batıkent Büyükşehir Genç Akademi Batıkent 22/04/2025     823.914 BAR 2009 ABB124245 22/04/2025 22/04/2025 Kitap
    Dewey Decimal Classification   Kolej TED Çalışma İstasyonu Kolej TED Çalışma İstasyonu 29/09/2024     823.914 BAR 2009 ABB104288 30/09/2024 30/09/2024 Kitap